Homenaje al Excmo. Sr. Don Mariano Fernández-Daza y Fernández de Córdova, IX Marqués de la Encomienda (Record no. 174670)
[ view plain ]
| 000 -LEADER | |
|---|---|
| campo de control de longitud fija | 00911nam a2200205 4500 |
| 001 - NÚMERO DE CONTROL | |
| campo de control | 174670 |
| 003 - IDENTIFICADOR DE NÚMERO DE CONTROL | |
| campo de control | ES-MaACL |
| 005 - FECHA Y HORA DE LA ÚLTIMA TRANSACCIÓN | |
| campo de control | 20230906215620.0 |
| 008 - DATOS DE LONGITUD FIJA--INFORMACIÓN GENERAL | |
| campo de control de longitud fija | 100514s1997 sp |||| |bspa d |
| 017 ## - NÚMERO DE COPYRIGHT O DE DEPÓSITO LEGAL | |
| Número de copyright o de depósito legal | BA 151-1997 |
| 020 ## - NÚMERO INTERNACIONAL ESTÁNDAR DEL LIBRO | |
| Número Internacional Estándar del Libro | 84-7930-065-5 |
| 080 ## - NÚMERO DE LA CLASIFICACIÓN DECIMAL UNIVERSAL | |
| Número de la Clasificación Decimal Universal | 929 Encomienda, Mariano Fernández-Daza y Fernández de Córdova, Marqués de la (082.2) |
| 245 00 - MENCIÓN DEL TÍTULO | |
| Título | Homenaje al Excmo. Sr. Don Mariano Fernández-Daza y Fernández de Córdova, IX Marqués de la Encomienda |
| Resto del título | : Almendralejo, 26 de noviembre de 1996. |
| 260 ## - PUBLICACIÓN, DISTRIBUCIÓN, ETC. | |
| Lugar de publicación, distribución, etc. | Almendralejo : |
| Nombre del editor, distribuidor, etc. | Cultural Santa Ana, |
| Fecha de publicación, distribución, etc. | 1997. |
| 300 ## - DESCRIPCIÓN FÍSICA | |
| Extensión | 83 p. : |
| Otras características físicas | 1 retr. ; |
| Dimensiones | 23 cm. |
| 600 14 - PUNTO DE ACCESO ADICIONAL DE MATERIA--NOMBRE DE PERSONA | |
| Nombre de persona | Encomienda, Mariano Fernández-Daza y Fernández de Córdova |
| Títulos y otros términos asociados al nombre | Marqués de la- |
| Subdivisión de forma | Homenajes. |
| 9 (RLIN) | 142879 |
| 700 1# - ENTRADA AGREGADA--NOMBRE PERSONAL | |
| Nombre de persona | Encomienda, Mariano Fernández-Daza y Fernández de Córdova, |
| Títulos y otros términos asociados al nombre | Marqués de la. |
| 9 (RLIN) | 142877 |
| 710 2# - ENTRADA AGREGADA--NOMBRE DE ENTIDAD CORPORATIVA | |
| Nombre de entidad corporativa o nombre de jurisdicción como elemento de entrada | Cultural Santa Ana. |
| 9 (RLIN) | 142880 |
| 852 4# - LOCALIZACIÓN | |
| Ubicación | ES-MaACL |
| Número de control de estantería | C-57219 |
| Estatus retirado | Estado de pérdida | Estado de daño | No para préstamo | Biblioteca de origen | Biblioteca actual | Ubicación en estantería | Fecha de adquisición | Fuente de adquisición | Total de préstamos | Signatura topográfica completa | Código de barras | Visto por última vez | Precio de reemplazo | Tipo de ítem Koha |
|---|---|---|---|---|---|---|---|---|---|---|---|---|---|---|
| Biblioteca del Ateneo de Madrid | Biblioteca del Ateneo de Madrid | Depósito 2 | 14/05/2010 | C-57219 | 1183376 | 23/02/2023 | 23/02/2023 | Libro impreso |
